| 000 | 01902nam0a2200397 4500 | ||
|---|---|---|---|
| 001 | RU\NLR\BIBL_A\011941202 | ||
| 005 | 20190402160942.0 | ||
| 010 |
_a978-5-00117-820-0 _94000 |
||
| 021 |
_aRU _bКН-П-19-002800 _9КН-П-19-0197 |
||
| 035 | _a(NLR Aleph) 011941202 | ||
| 035 | _a(RuMoRGB)009845576 | ||
| 090 |
_a11092909 _c11092909 |
||
| 100 | _a20190219d2019 k y0rusy50 ca | ||
| 101 | 1 |
_arus _ceng |
|
| 102 | _aRU | ||
| 105 | _aach|z|||000zy | ||
| 200 | 1 |
_aИзмеряйте самое важное _eкак Google, Intel и другие компании добиваются роста с помощью OKR _fДжон Дорр _g[предисловие Ларри Пейджа] _gперевод с английского Марии Чомахидзе-Дорониной |
|
| 210 |
_aМосква _cМанн, Иванов и Фербер _d2019 |
||
| 215 |
_a334 с. _cил., портр., табл., факс. _d22 |
||
| 225 | 1 | _aOKR | |
| 300 | _aПер. изд.: Measure what matters/ John Doerr. [New-York]: Portfolio/Penguin, 2018 | ||
| 320 | _aБиблиогр. в примеч.: с. 327-332 | ||
| 333 | _a12+ | ||
| 454 | 0 |
_12001#$aMeasure what matters$fJohn Doerr _1210##$a[New-York]$cPortfolio/Penguin$d2018 _1700#1$aDoerr$bJ.$gJohn _tMeasure what matters _aDoerr, John |
|
| 606 | 1 |
_aОрганизации _xУправление _92081403 _3RU\NLR\AUTH\661257382 |
|
| 606 | 1 |
_aПредпринимательство _xУправление _92217130 _3RU\NLR\AUTH\661331537 |
|
| 686 | 1 | _aУ21(0)24 | |
| 686 | 1 | _aУ5-13-21 | |
| 700 | 1 |
_aДорр _bД. _gДжон |
|
| 942 | _cBOOK | ||
| 980 | _aNBR | ||
| 980 | _aNB | ||